000 00832nam a2200277 a 4500
001 74927
003 BD-RjUL
005 20211209082625.0
008 800115s1964 xx 000 0 eng d
035 _a(BD-RjUL)75145
040 _aOSU
_cOSU
_dUKM
_dEQO
_beng
041 _aeng
082 0 4 _a590
_223
_bCHZ 1966
090 _aQL47.2
_b.C45
100 1 _aChapman, Garth,
_d1917-
_9226569
245 1 0 _aZoology for intermediate students /
_cG. Chapman, W. B. Barker.
260 _aLondon :
_bLongmans, Green,
_c1964.[1966]
300 _avii, 744 p. :
_bill. ;
_c23 cm.
500 _aIncludes index.
650 0 _aZoology.
_9226570
700 1 _aBarker, William Basil.
_9226576
942 _2ddc
_cBK
999 _c74927
_d74927